000 nam a22 a 4500
999 _c49537
_d49537
003 BLK
005 20220308085443.0
008 180408b bul|||||r ||||||| ||bul||
010 _aKNG00053393000
040 _aBLK
041 _aBUL
_cBUL
080 _aЖивотински общности. Зооценози - Взаимоотношение между половете, вътревидови и междувидови отношения, паразитизъм, симбиоза и др.)
_b591.55
_x(02.062)
_z591.55(02.062)
100 1 _aТулешков, Кръстю Николов
_eпърви автор
_9282763
139 _aТулешков, Кръстю Николов
_bТ 89
245 1 0 _aВзаимоотношения в животинския свят
_cКръстю Николов Тулешков.
257 _aBGR
260 _bНаука и изкуство
_c1963
_fСофия : ДПК : Д. Благоев
_aСофия
300 _a146 с.
_bс ил.
_c20 см
380 _a5
490 _aБиблиотека Биология и геология
_9204945
500 _a2 580 тир.
650 4 _aЖивотни - поведение и психология
_9246248
650 4 _aЖивотни - популярна литература
_9253184
653 _aживотни
653 _aповеденческа психология
852 _aЦб 25772
_bЦб
856 4 _qpdf
856 4 _qpdf
942 _cKNG
_n0
_01
_s1
944 _aCR
_c29.01.2016
_lф /
_kВиолета_Тройчева
944 _aED
_c15.09.2016
_lф /
_kЛюдмила_Стоянова
999 _d49537